Common word usage

Bibliographic Details
Main Author: Nandy, Milon
Format: Book
Published: Kuala Lumpur : Kiddibird Sdn.Bhd. , 19--?
Series:The Studentts' basic vocabulary series
Subjects:

MARC

LEADER 00000cam a2200000 7i4500
001 0000059971
005 20020813.0
020 |a 9830844242 
090 0 0 |a 428   |b NAN 
100 1 |a Nandy, Milon 
245 1 0 |a Common word usage   |c Milon Nandy 
260 |a Kuala Lumpur :   |b Kiddibird Sdn.Bhd. ,   |c 19--? 
300 |a 32p. ;   |c 26cm. 
490 0 |a The Studentts' basic vocabulary series 
650 0 0 |a English language   |x Usage 
650 0 0 |a Vocabulary 
999 |a 098391   |b BUKU   |c JUNIOR BOOKS   |e PERPUSTAKAAN KOMUNITI PETALING JAYA